Les pays d'origine des résidents en Suède - Statistiques

Statistiques générales
  • Ce quiz a été pris 104 fois
  • Le résultat moyen est 13 sur 20
Statistiques - réponses
Rang Pays d'origine Population arrondie % Correct
14 Norvège 45 600
98%
3 Finlande 133 100
97%
16 Danemark 38 500
94%
10 Allemagne 56 000
87%
4 Pologne 98 400
84%
18 Royaume-Uni 35 600
81%
15 Chine 40 300
77%
11 Inde 55 600
76%
9 Turquie 60 300
72%
1 Syrie 197 800
70%
2 Irak 146 800
69%
5 Iran 85 500
63%
17 Roumanie 38 100
61%
7 Afghanistan 65 700
57%
19 Liban 32 600
47%
6 Somalie 69 500
33%
8 Bosnie-Herzégovine 61 600
32%
13 Thaïlande 49 200
27%
12 Erythrée 54 000
21%
20 Chili 29 800
16%
Aucun quiz correspondant
Distribution des résultats
% des personnes avec chaque résultat
Percentile par nombre de réponses
Votre historique - résultats
Vous n’avez pas pris ce quiz